000
00229 a2200097 4500
001
23646
100
_a
Birmingham, W
245
_a
Planning and growth in rich and poor countries
260
_a
_b
G. Allen
_c
090
_c
16026
_d
16026
942
_a
NUST-CAE
_c
M
_c
6699
999
_c
258719
_d
258719